Top 15 Covid-19 getroffen landen - 1 september 2021 - Statistieken

Algemene statistieken
  • Deze quiz is 6 keer genomen
  • De gemiddelde score is 10 van 26
Antwoordstatistieken
land % Correct
Duitsland
100%
Frankrijk
100%
Spanje
100%
Verenigde Staten
100%
Italië
80%
Nederland
80%
Brazilië
60%
India
60%
Rusland
60%
Verenigd Koninkrijk
60%
Argentinië
40%
Colombia
40%
Mexico
40%
Turkije
40%
Uruguay
20%
Zweden
20%
Bahrein
0%
Estland
0%
Georgië
0%
Indonesië
0%
Iran
0%
Israël
0%
Litouwen
0%
Panama
0%
Slovenië
0%
Tsjechië
0%
Geen overeenkomende quizzen gevonden
Scoreverdeling
Procent van Mensen met Elke Score
Percentiel versus Aantal Correcte Antwoorden
Uw Scoregeschiedenis
U heeft deze quiz nog niet genomen